A superposiȯ̂ de discursos vencedores anl̀ise pragmt̀ica das transformaė̳s jurisprudenciais em matřia tributr̀ia sob uma visô retr̤ica realista /

Detalles Bibliográficos
Autor principal: Aguiar, Tatiana
Formato: eBook
Lenguaje:portugués
Publicado: San Pablo: Editora Noeses, 2016
Materias:
Acceso en línea:Acceso restringido

MARC

LEADER 00000nam a22000007a 4500
005 20210615222436.0
007 cr|||| ||||
008 210615s2016 br |||||s|||| 00||0 por d
020 |a 978-85-8310-072-0 
035 |a 34778 
040 |a vLex 
090 |c 11779  |d 11779 
100 1 |a Aguiar, Tatiana 
245 1 1 |a A superposiȯ̂ de discursos vencedores  |h [Recurso electrn̤ico] :  |b anl̀ise pragmt̀ica das transformaė̳s jurisprudenciais em matřia tributr̀ia sob uma visô retr̤ica realista /  |c Tatiana Aguiar 
256 |a Servicio en ln̕ea 
260 |a San Pablo:  |b Editora Noeses,  |c 2016 
300 |a 1 recurso electrn̤ico 
506 1 |a Disponible solo en los productos indicados  |d vLex Global  |d vLex Global (Academic Edition, excluding Law Schools)  |d vLex Global (U.S. Academic Edition, Law Schools)  |d vLex Global (U.S. Academic Edition, excluding Law Schools)  |d vLex Global (Academic Edition, Law Schools) 
650 0 4 |a Derecho Tributario  |z Brasil 
740 0 |a vLex Libros (Servicio en ln̕ea) 
856 4 0 |u https://vlex.com/source/superposi-o-discursos-vencedores-analise-pragmatica-transforma-es-jurisprudenciais-materia-tributaria-vis-o-retorica-realista-34778  |z Acceso restringido 
942 |c BOOK 
999 0 |a Tax Law